Score 0/7 Timer 03:00
0 Plays Today
Question Answer Wrong Answers
This animated short, directed by Walt Disney and Ub Iwerks, is released. Disney considers this to be Mickey’s birthday.
1928
Steamboat Willie
83.8%
Fantasia
8.6%
The Mouse Comes to Dinner
5.2%
Fraidy Cat
0.8%
This women's rights activist and abolitionist is arrested along with 14 other women for illegally voting in the US presidential election of 1872.
1872
Susan B. Anthony
82.7%
Harriet Tubman
10.9%
Jane Addams
4.1%
Helen Keller
2.3%
Following World War I, Latvia declares their independence from ______.
1918
Russia
78.7%
Germany
8.4%
Poland
9.8%
France
2.3%
Led by Hans Blix, United Nations weapons inspectors arrive in this country.
2002
Iraq
57.4%
North Korea
11.4%
Afghanistan
7.3%
Iran
21.4%
Prince Carl of Denmark becomes King Haakon VII, the first king of ______ after it gained independence.
1905
Norway
56.1%
Iceland
22.2%
Belgium
7.9%
Finland
13.4%
This American admiral, pilot, and astronaut, the first American to travel into space, is born.
1923
Alan Shepard
43.8%
John Glenn
44.6%
Edgar Mitchell
1.8%
Buzz Aldrin
8.7%
The first ______ telephone goes into service.
1963
Push-button
40%
Mobile
38.9%
Cable
6.6%
International
12.5%
Remove Ads.
Support Sporcle.
Get the best of Sporcle when you Go Orange. This ad-free experience offers more features, more stats, and more fun while also helping to support Sporcle. Thank you for becoming a member.

You're not logged in!

Compare scores with friends on all Sporcle quizzes.
OR
Log In

Show Comments

Extras

Top Quizzes Today


Score Distribution

Your Account Isn't Verified!

In order to create a playlist on Sporcle, you need to verify the email address you used during registration. Go to your Sporcle Settings to finish the process.

Report this User

Report this user for behavior that violates our Community Guidelines.

Details: